000 00671nam a2200181 a 4500
001 000043424
005 20201002040912.0
008 140314s2007 dr 001 0 spa d
020 _a9945000802
040 _aDO-SdBNP
_bspa
_cBNPHU
100 1 _aCiprián, Rafael
_914522
245 1 0 _aDerechos sucesoriales y jurisdicción inmobiliaria :
_badaptado a la ley 108-05, sobre registro inmobiliario y sus reglamentos /
_cRafael Ciprián ; prólogo de Artagnan Pérez Méndez.
260 _aSanto Domingo :
_bCentenario,
_c2007.
300 _a371 p. ;
_c25 cm.
500 _aIncluye índice
504 _aBibliografía : p. 367-371
700 1 _aPérez Méndez, Altagnan
_971088
999 _c42913
_d42913